Costa Rica: ¿Descansa la paz? /

保存先:
書誌詳細
第一著者: Brenes Montoya, Mónica
フォーマット: テキスト
言語:Spanish
出版事項: San José : Editorial UCR
タグ: タグ追加
タグなし, このレコードへの初めてのタグを付けませんか!

MARC

LEADER 00000 a a2200000 04500
001 35844
003 cru CIDCACS/IIS
005 20170519141052.0
008 170512b xxu||||| |||| 00| 0 spa d
020 |a 978-9968-46-034-7  
022 |a 978-9968-46-034-7  
040 |c CIDCACS/IIS 
090 |a PS05.01.01 D633p  
100 1 |a Brenes Montoya, Mónica  |9 3596 
245 |a Costa Rica:   |b ¿Descansa la paz? /   |c Mónica Brenes Montoya 
260 |a San José :   |b Editorial UCR  
300 |a Páginas 306-315 
773 0 |0 166  |9 816  |a Dobles Oropeza, Ignacio   |d San José: Editorial UCR   |o 03436  |t Psicología de la liberación en le contexto de la globalización neoliberal:  |w (cru CIDCACS/IIS)35869  |x 978-9968-46-034-7   |z 978-9968-46-034-7  
942 |2 ddc  |c LI 
999 |c 19353  |d 19353